Statistics for Least Guessed South American Countries on JetPunk

Click here to take the quiz!

General Stats

  • This quiz has been taken 106 times
  • The average score is 7 of 7

Answer Stats

% GuessedCountry% Correct
93%Uruguay
99%
91%Venezuela
98%
91%Bolivia
97%
88%Ecuador
96%
80%Suriname
95%
80%Guyana
94%
92%Colombia
92%

Score Distribution

Percentile by Number Answered

Percent of People with Each Score

Your Score History

You have not taken this quiz